Score 0/20 Timer 04:00
0 Plays Today
No. Product/Company % Correct
3Burger King
96.1%
6McDonalds
94%
5Aflac
86.9%
1Progressive Insurance
82.8%
4Taco Bell
75.1%
10Apple
73.1%
2Coke
71.7%
12Travelocity
71.6%
9Wendy's
59.4%
14Charmin
55.4%
No. Product/Company % Correct
18Budweiser
51.8%
19Kia
46.3%
20Miller High Life
40.4%
15Dunkin Donuts
40.1%
8Ford
37.4%
7Pepsi
37%
11Capital One
36.3%
16Hertz Rental Car
33.1%
13Nike
32%
17Chevy
16.2%
Remove Ads.
Support Sporcle.
Get the best of Sporcle when you Go Orange. This ad-free experience offers more features, more stats, and more fun while also helping to support Sporcle. Thank you for becoming a member.

You're not logged in!

Compare scores with friends on all Sporcle quizzes.
OR
Log In

Show Comments

Extras

Top Quizzes Today


Score Distribution

Your Account Isn't Verified!

In order to create a playlist on Sporcle, you need to verify the email address you used during registration. Go to your Sporcle Settings to finish the process.

Report this User

Report this user for behavior that violates our Community Guidelines.

Details: